| Tag |
First Indicator |
Second Indicator |
Subfields |
| LEADER |
00000cam a2200000 4500 |
| 001 |
in00000703421 |
| 005 |
20151016052046.0 |
| 008 |
740530s1965 gw b 00000 ger u |
| 010 |
|
|
|a 66056150
|
| 035 |
|
|
|a (OCoLC)00904161
|
| 035 |
|
|
|9 ADB4817AM
|
| 040 |
|
|
|c COO
|d TXA
|d UtOrBLW
|
| 049 |
|
|
|a TXAM
|c [852884]
|
| 050 |
0 |
0 |
|a T7
|b .N64 Nr.1280
|
| 090 |
|
|
|a T7
|b .F65 Nr. 1280
|
| 100 |
1 |
|
|a Chang, Tsungtung.
|
| 245 |
1 |
4 |
|a Die chinesische Volkswirtschaft :
|b Grundlagen, Organisation, Planung.
|
| 264 |
|
1 |
|a Koln :
|b Westdeutscher Verlag,
|c 1965.
|
| 300 |
|
|
|a 193 pages ;
|c 24cm.
|
| 336 |
|
|
|a text
|b txt
|2 rdacontent
|
| 337 |
|
|
|a unmediated
|b n
|2 rdamedia
|
| 338 |
|
|
|a volume
|b nc
|2 rdacarrier
|
| 490 |
1 |
|
|a Forschungsberichte des Landes Nordrhein-Westfalen, Nr. 1280
|
| 500 |
|
|
|a At head of title: Forschungsinstitut fur Internationale Technische Zusammenarbeit an der Rhein.-Westf. Techn. Hochschule Aachen (FIZ)
|
| 504 |
|
|
|a Bibliography: pages 183-193.
|
| 651 |
|
0 |
|a China.
|
| 830 |
|
0 |
|a Forschungsberichte des Landes Nordrhein-Westfalen ;
|v Nr. 1280.
|
| 999 |
|
|
|a MARS
|
| 999 |
f |
f |
|s 6906770b-09b5-3721-bf3a-34f19b70aa01
|i 32984d55-db51-3ff6-bb96-0095cb4debf5
|t 0
|
| 952 |
f |
f |
|p ric
|a Texas A&M University
|b Rellis Campus
|c Joint Library Facility
|d Remote Storage
|t 0
|e T7 .F65 Nr. 1280
|h Library of Congress classification
|i unmediated -- volume
|m A14805256158
|
| 998 |
f |
f |
|a T7 .F65 Nr. 1280
|t 0
|l Remote Storage
|